Marvel Heroes from the 1960's by Picture - Statistics

General Stats
  • This quiz has been taken 43 times
  • The average score is 57 of 76
Answer Stats
Picture Answer % Correct
Beast
97%
Black Panther
97%
Black Widow
97%
Cyclops
97%
Daredevil
97%
Hulk
97%
Human Torch
97%
Invisible Woman
97%
Iron Man
97%
Marvel Girl (Jean Grey)
97%
Silver Surfer
97%
Spider-Man
97%
Thing
97%
Thor
97%
Doctor Strange
94%
Hawkeye
94%
Mister Fantastic
94%
Professor X
94%
Vision
94%
Ant-Man
91%
Iceman
91%
Wasp
91%
Falcon
88%
Nick Fury
88%
Scarlet Witch
88%
Adam Warlock
85%
Angel
85%
Captain Marvel
85%
Heimdall
85%
Quicksilver
85%
Uatu the Watcher
85%
Black Bolt
82%
Valkyrie
82%
Banshee
79%
Wonder Man
79%
Yondu
79%
Black Knight
76%
Franklin Richards
76%
Hercules
76%
Lady Sif
76%
Lockjaw
76%
Medusa
76%
Wong
76%
Ancient One
71%
Dum Dum Dugan
71%
Havok
71%
Ka-Zar
71%
Hogun
68%
Swordsman
68%
Crystal
65%
Fandral
65%
Polaris
65%
Volstagg
65%
Bill Foster
62%
Redwing
62%
Carol Danvers
59%
Clea
59%
Sharon Carter
59%
Stingray
59%
Two-Gun Kid
59%
Charlie-27
56%
Karnak
56%
Sunfire
56%
Triton
56%
Gorgon
53%
Major Victory
53%
Zabu
53%
Balder the Brave
50%
Nighthawk
50%
Martinex
47%
Peggy Carter
47%
Night Nurse
44%
Phantom Rider
44%
Rawhide Kid
41%
Rick Jones
41%
Agatha Harkness
29%
No matching quizzes found
Score Distribution
Percent of People with Each Score
Percentile by Number Answered
Your Score History
You have not taken this quiz